Lazernaja pikosekundnaja spektroskopija i fotochimija biomolekul

Guardado en:
Detalles Bibliográficos
Formato: Libro
Lenguaje:ruso
Publicado: Moskva : Nauka, 1987
Etiquetas: Agregar Etiqueta
Sin Etiquetas, Sea el primero en etiquetar este registro!

MARC

LEADER 00000nam a22000003a 4500
001 stu4847
005 20141122103236.0
008 931112s1987----xxr-----------------rus-d
040 |a STU  |b slo 
041 0 |a rus 
044 |a xxr 
080 |a 621.375.826  |7 stu_us_auth*stu9916 
080 |a 535.374  |7 stu_us_auth*stu8268 
080 |a 543.42  |7 A000003321 
080 |a 577.32  |7 stu_us_auth*stu7314 
245 |a Lazernaja pikosekundnaja spektroskopija i fotochimija biomolekul 
260 |a Moskva :  |b Nauka,  |c 1987 
300 |a 251 s 
996 |b E66027  |c E*66027  |l EE05  |s P  |a 0  |w stu4847_0002